00869nam a22002417a 450000500170000001000150001702000260003202000230005803500130008103700130009408200110010724501280011826000450024627000620029130000270035350000200038070000190040070000260041970000160044594200250046199900190048695201220050520161206105130.0 aENG-116247 a9780199460120c850.00 a0199460124c850.00 aEN-99779 bDBAD/PUB a361.61 aPolitics of welfare :bcomparisons across indian states /cedited by Louise Tillin, Rajeshwari Deshpande [and] K.K. Kailash aNew DelhibOxford University Pressc2015 aYMCA Library Building, 1Jai Singh RoadbNew Delhie110001 axiii,237p.b22cm.(Hb). aIncludes index. aTillin, Louise aDeshpande, Rajeshwari aKaiash, K.K 2ddccENh361.61mPOL c104078d104078 001040708NFICaBL4bBL4d2016-10-20eDBAD/PUBg850.00l0o361.61 PolpEN-99779r2016-10-20 00:00:00t1v850.00yEN